Reduction of cassiterite by liquified petroleum gases in fixed and fluidized bed reactors /
Saved in:
| 主要作者: | |
|---|---|
| 格式: | Thesis 圖書 |
| 語言: | English |
| 出版: |
1982.
|
| 主題: | |
| 標簽: |
添加標簽
沒有標簽, 成為第一個標記此記錄!
|
| LEADER | 00878cam a2200265 a 4500 | ||
|---|---|---|---|
| 001 | u152809 | ||
| 003 | SIRSI | ||
| 008 | 920416s1981 my bt 00 1 eng m | ||
| 035 | |a AAS-1137 | ||
| 040 | |a UMM | ||
| 050 | 0 | 0 | |a TN793 |
| 090 | |a TN793 |b Kan | ||
| 091 | |a Microfiche 8003 | ||
| 100 | 1 | 0 | |a Kang, Thian Hock. |
| 245 | 1 | 0 | |a Reduction of cassiterite by liquified petroleum gases in fixed and fluidized bed reactors / |c Kang Thian Hock. |
| 260 | |c 1982. | ||
| 300 | |a xi, 186 leaves : |b ill. ; |c 28cm. | ||
| 500 | |a Microfiche (negative). 4 fiche. 11 x 15 cm. | ||
| 502 | |a Dissertation (M.Eng.Sc.) -- Fakulti Kejuruteraan, Universiti Malaya, 1981. | ||
| 650 | 0 | |a Cassiterite. | |
| 650 | 0 | |a Fluidized bed reactors. | |
| 650 | 0 | |a Liquefied petroleum gas. | |
| 948 | |a 16/04/1992 |b 06/06/2002 | ||
| 596 | |a 1 | ||
| 999 | |a TN793 KAN |w LC |c 1 |i A002923037 |l STACKS |m P01UTAMA |r Y |s Y |t TESIS |u 16/4/1992 | ||
